|
|
|
|
| LEADER |
00608cam a2200193 7i4500 |
| 001 |
0000025075 |
| 005 |
20101104090000.0 |
| 020 |
0 |
0 |
|a 978-0-00-720377-2
|
| 090 |
0 |
0 |
|a B 650.1
|b MCR
|
| 100 |
1 |
0 |
|a McRae
|
| 245 |
1 |
0 |
|a What works :
|b success in stressful times.
|
| 260 |
0 |
0 |
|a London:
|b Harper Press,
|c 2010.
|
| 300 |
# |
# |
|a 328 p.
|
| 650 |
0 |
0 |
|a Success in business
|
| 650 |
0 |
0 |
|a Organizational behavior
|
| 650 |
0 |
0 |
|a Economic history --
|x 21st century
|
| 650 |
0 |
0 |
|a Success in business --
|x Case studies
|
| 650 |
0 |
0 |
|a Organizational behavior --
|x Case studies
|
| 999 |
|
|
|a B000027773
|b Book
|c Book
|e Business Information Centre
|